[Event "SRB-chT Central"]
[Site "Kraljevo"]
[Date "2014.09.16"]
[Round "5.1"]
[White "Todorovic, Bojan"]
[Black "Marcetic, Nikola"]
[Result "1-0"]
[WhiteElo "2344"]
[BlackElo "2389"]
[PlyCount "133"]
[EventDate "2014.09.13"]
[EventType "team-tourn"]
[EventRounds "11"]
[EventCountry "SRB"]
[SourceTitle "CBM 162 Extra"]
[Source "ChessBase"]
[SourceDate "2014.10.17"]
[SourceVersion "1"]
[SourceVersionDate "2014.10.17"]
[SourceQuality "1"]
[WhiteTeam "Pirot"]
[BlackTeam "Pozega"]
[WhiteTeamCountry "SRB"]
[BlackTeamCountry "SRB"]

1. c4 e6 2. Nf3 d5 3. g3 Nf6 4. Bg2 Be7 5. 0-0 0-0 6. b3 c5 7. Bb2 Nc6 8. e3 dxc4 9. bxc4 Qb6 10. Qc1 Rd8 11. Rd1 Bd7 12. Nc3 Rac8 13. d3 Be8 14. Ne2 Nb4 15. Nf4 Ba4 16. Rd2 h6 17. Rb1 Nxa2 18. Qf1 Nb4 19. Ne5 Nd7 20. Nxd7 Rxd7 21. d4 Qd8 22. d5 Bf6 23. e4 Bxb2 24. Rbxb2 e5 25. Nd3 Nxd3 26. Rxd3 Rd6 27. Ra3 Bd7 28. Rxa7 b5 29. cxb5 c4 30. Rxd7 Rxd7 31. Bh3 c3 32. Rc2 Rc5 33. Bxd7 Qxd7 34. Qd3 Qxb5 35. Qxb5 Rxb5 36. Rxc3 Rb4 37. f3 Kf8 38. Kg2 Rb2+ 39. Kh3 Rd2 40. g4 g6 41. Kg3 f5 42. gxf5 gxf5 43. Rc6 fxe4 44. fxe4 Re2 45. Kf3 Rxh2 46. Rf6+ Kg7 47. Rf5 h5 48. Kg3 Rh1 49. Rxe5 Kg6 50. Re8 h4+ 51. Kf4 Kf7 52. Ra8 h3 53. Ke5 Kg7 54. Ra3 Kf7 55. Rg3 h2 56. Rh3 Kf8 57. Ke6 Re1 58. Rxh2 Rxe4+ 59. Kd7 Rf4 60. Rh7 Ra4 61. Rh8+ Kf7 62. d6 Rc4 63. Rh1 Rc2 64. Rf1+ Kg7 65. Ke7 Re2+ 66. Kd8 Rd2 67. d7 1-0

[Event "SRB-chT Central"]
[Site "Kraljevo"]
[Date "2014.09.15"]
[Round "4.6"]
[White "Marcetic, Nikola"]
[Black "Mitrovic, Darko R"]
[Result "1-0"]
[WhiteElo "2389"]
[BlackElo "2263"]
[PlyCount "85"]
[EventDate "2014.09.13"]
[EventType "team-tourn"]
[EventRounds "11"]
[EventCountry "SRB"]
[SourceTitle "CBM 162 Extra"]
[Source "ChessBase"]
[SourceDate "2014.10.17"]
[SourceVersion "1"]
[SourceVersionDate "2014.10.17"]
[SourceQuality "1"]
[WhiteTeam "Pozega"]
[BlackTeam "Donja Studena"]
[WhiteTeamCountry "SRB"]
[BlackTeamCountry "SRB"]

1. d4 Nf6 2. Bg5 e6 3. e4 h6 4. Bxf6 Qxf6 5. c3 d6 6. Bd3 e5 7. Ne2 g6 8. 0-0 Bg7 9. f4 Qe7 10. Nd2 0-0 11. Qb3 c6 12. Rae1 Be6 13. Qa3 exd4 14. Nxd4 Bc8 15. Nc4 Bxd4+ 16. cxd4 c5 17. dxc5 dxc5 18. Nb6 axb6 19. Qxa8 Nc6 20. Qa3 Rd8 21. Bb5 Nd4 22. Bc4 Nc2 23. Qg3 Kh7 24. f5 gxf5 25. exf5 Qf6 26. Re4 Nd4 27. Qc7 Rf8 28. Re7 Bxf5 29. Bd3 Kh8 30. Bxf5 Nxf5 31. Re5 Qd6 32. Qxd6 Nxd6 33. Rf6 Nc4 34. Rxh6+ Kg7 35. Reh5 Rd8 36. Rh7+ Kg6 37. R5h6+ Kf5 38. Rxf7+ Kg5 39. Rh3 Nxb2 40. Rg3+ Kh6 41. Rf6+ Kh5 42. Rxb6 Rd1+ 43. Kf2 1-0

[Event "SRB-chT Central"]
[Site "Kraljevo"]
[Date "2014.09.14"]
[Round "3.2"]
[White "Pavlovic, Dejan S"]
[Black "Marcetic, Nikola"]
[Result "0-1"]
[WhiteElo "2407"]
[BlackElo "2389"]
[PlyCount "68"]
[EventDate "2014.09.13"]
[EventType "team-tourn"]
[EventRounds "11"]
[EventCountry "SRB"]
[SourceTitle "CBM 162 Extra"]
[Source "ChessBase"]
[SourceDate "2014.10.17"]
[SourceVersion "1"]
[SourceVersionDate "2014.10.17"]
[SourceQuality "1"]
[WhiteTeam "Kraljevo Sloga"]
[BlackTeam "Pozega"]
[WhiteTeamCountry "SRB"]
[BlackTeamCountry "SRB"]

1. d4 d5 2. c4 c6 3. Nf3 Nf6 4. e3 Bg4 5. Qb3 Qb6 6. Nc3 e6 7. Nh4 Be7 8. h3 Bh5 9. g4 Bg6 10. Nxg6 hxg6 11. Bg2 Nbd7 12. g5 Ng8 13. e4 dxc4 14. Qxc4 e5 15. d5 Bc5 16. dxc6 Qxc6 17. Qe2 Ne7 18. 0-0 Nf8 19. Nd5 Ne6 20. b4 Bd4 21. Rb1 Qd7 22. Bd2 Rh5 23. Rfc1 Nxd5 24. exd5 Nxg5 25. Rb3 Nxh3+ 26. Kf1 Nxf2 27. Rc4 Bb6 28. Be3 Nh3 29. Bxb6 axb6 30. Rxh3 Rxh3 31. Qxe5+ Kd8 32. Qxg7 Qf5+ 33. Kg1 Qb1+ 34. Bf1 Rh1+ 0-1